Please Please Me - Songs - Statistics

General Stats
  • This quiz has been taken 75 times
  • The average score is 10 of 14
Answer Stats
Plays Song Name % Correct
66,545,615 Please Please Me
96%
569,776,787 Twist and Shout
88%
195,508,532 I Saw Her Standing There
85%
255,840,564 Love Me Do
85%
84,013,482 Do You Want To Know A Secret
77%
19,077,746 Misery
77%
49,032,530 Anna (Go To Him)
73%
15,194,549 Boys
73%
11,928,134 Chains
73%
12,803,877 A Taste Of Honey
62%
19,739,547 P.S. I Love You
58%
13,338,058 There's A Place
50%
15,675,052 Ask Me Why
38%
40,799,179 Baby It's You
35%
No matching quizzes found
Score Distribution
Percent of People with Each Score
Percentile by Number Answered
Your Score History
You have not taken this quiz